000 00899nam a2200253 a 4500
003 MX-MxUPN
005 20220617124539.0
008 220613s mx a||||r|||| 000 0 spa d
020 _a9706130799
040 _aMX-MxUPN
_bspa
_cMX-MxUPN
041 0 _aspa
050 1 4 _aLB1648 M61
_bB35
100 1 _aBecerril Albarrán, Josefina Paz
_944840
100 1 _aOtero Ramírez, Guadalupe
_944841
100 1 _aRodríguez Robles, Ignacio
_944842
245 1 0 _aIntroducción a la Física y a la Química :
_bprimer grado de secundaria
260 _aMéxico, D.F. :
_bOxford University Press :
_bHarla,
_c1999.
300 _a120 páginas :
_bilustraciones.
650 4 _aFísica
_xEstudio y enseñanza (Secundaria)
_98873
650 4 _aFísica
_vLibros de texto
_944449
650 4 _aQuímica
_xEstudio y enseñanza (Secundaria)
_97244
650 4 _aQuímica
_vLibros de texto
_944690
942 _2lcc
_cLIBRO
999 _c208610
_d208610